000 00686nam a22002297a 4500
999 _c382347
_d382347
001 96100
003 UA-OsUOA
005 20200213175222.0
007 ta
008 20130315b un ||||| |||| 00| 0 ukr d
040 _aUA-OsUOA
_brus
_cUA-OsUOA
_dUA-OsUOA
041 _arus
080 _a821.161.1
090 _a821.161.1
_bК75
100 _aКочетов В.
245 _aИзбранные произведения в трех : товарищ агроном
_n1
260 _aМ.
_bХудожественная литература
_c1982
300 _a470 с.
650 7 _a82 Література. Літературознавство
_2UDC
942 _cBK
_2udc
955 _a3